[Event "Ketrzyn op-A 12th"]
[Site "Ketrzyn"]
[Date "2009.12.28"]
[Round "5"]
[White "Szymczak, Zbigniew"]
[Black "Czaus, Piotr"]
[Result "1/2-1/2"]
[WhiteElo "2280"]
[BlackElo "2007"]
[PlyCount "178"]
[EventDate "2009.12.27"]
[EventType "swiss"]
[EventRounds "9"]
[EventCountry "POL"]
[SourceTitle "CBM 134 Extra"]
[Source "ChessBase"]
[SourceDate "2010.03.03"]
[SourceVersion "1"]
[SourceVersionDate "2010.03.03"]
[SourceQuality "1"]

1. d4 Nf6 2. c4 g6 3. Nc3 Bg7 4. e4 d6 5. Be2 0-0 6. Nf3 Nc6 7. d5 Nb8 8. 0-0 e5 9. Ne1 Ne8 10. Nd3 c5 11. a3 a5 12. Rb1 f5 13. b4 b6 14. bxc5 bxc5 15. f3 Nd7 16. Be3 Ndf6 17. Rb2 Nh5 18. Qd2 Ba6 19. Nb5 Nf4 20. Rfb1 g5 21. Nxc5 dxc5 22. Bxc5 Rf6 23. exf5 Bxb5 24. Rxb5 Nd6 25. Rb6 Nxf5 26. Bf1 Qc7 27. Bf2 Rxb6 28. Bxb6 Qd7 29. g3 Ne6 30. Bh3 Ned4 31. Qd3 Qf7 32. Rf1 Qb7 33. c5 Nxg3 34. hxg3 Qxd5 35. Qe4 Qxe4 36. fxe4 Bf8 37. Bd7 Rb8 38. Kg2 h5 39. Kh3 Be7 40. g4 h4 41. a4 Kg7 42. Bb5 Rc8 43. Ba6 Rxc5 44. Bxc5 Bxc5 45. Bc4 Bb4 46. Rf7+ Kg6 47. Rb7 Bc5 48. Rb8 Kf6 49. Ra8 Bb4 50. Ra7 Be1 51. Rf7+ Kg6 52. Rf1 Bb4 53. Bf7+ Kg7 54. Bd5 Kg6 55. Rc1 Kf6 56. Rc7 Be7 57. Ra7 Bb4 58. Ra6+ Kg7 59. Bc4 Be1 60. Kg2 Bb4 61. Be6 Bd2 62. Bf5 Kf7 63. Kf2 Kg7 64. Rg6+ Kf7 65. Kf1 Ke7 66. Ra6 Kf7 67. Bc8 Kg7 68. Ra7+ Kf6 69. Bb7 Kg6 70. Kf2 Kf6 71. Bd5 Kg6 72. Ra8 Kg7 73. Rb8 Kg6 74. Rb6+ Kg7 75. Bc4 Kh7 76. Rb1 Kg7 77. Bf1 Kf6 78. Rb6+ Kf7 79. Rb2 Bc3 80. Rb7+ Kf6 81. Ke3 Bb4 82. Kd3 Nf3 83. Ke3 Nd4 84. Ba6 Kg6 85. Rb8 Kg7 86. Bf1 Kf7 87. Kd3 Nf3 88. Kc2 Nd4+ 89. Kb2 Nf3 1/2-1/2

[Event "POL-chT3 Warminsko Mazurskie"]
[Site "Ostroda"]
[Date "2009.09.13"]
[Round "5.9"]
[White "Czaus, Piotr"]
[Black "Zarebski, Cezary"]
[Result "1/2-1/2"]
[WhiteElo "2013"]
[BlackElo "2020"]
[PlyCount "67"]
[EventDate "2009.09.11"]
[EventType "team-tourn"]
[EventRounds "5"]
[EventCountry "POL"]
[SourceTitle "EXT 2019"]
[Source "ChessBase"]
[SourceDate "2018.10.10"]
[SourceVersion "1"]
[SourceVersionDate "2018.10.10"]
[SourceQuality "1"]

1. d4 Nf6 2. c4 c5 3. d5 e6 4. Nc3 exd5 5. cxd5 d6 6. Nf3 g6 7. e4 Bg7 8. Bd3 0-0 9. 0-0 Bg4 10. h3 Bd7 11. Bf4 Qe7 12. Re1 a6 13. e5 dxe5 14. Nxe5 Re8 15. Qd2 Qd8 16. a4 Nh5 17. Bh2 Qh4 18. Re4 Qd8 19. Rae1 Nf6 20. R4e2 Rf8 21. Bc4 Qa5 22. d6 Nc6 23. Nd5 Qxd2 24. Rxd2 Nxe5 25. Bxe5 Nxd5 26. Bxg7 Kxg7 27. Bxd5 Bc6 28. Bxc6 bxc6 29. d7 Rfd8 30. Rd6 Ra7 31. Rxc6 Rb7 32. Rxa6 Rdxd7 33. Re5 Rxb2 34. Rxc5 1/2-1/2

[Event "Ketrzyn op-A 11th"]
[Site "Ketrzyn"]
[Date "2008.12.27"]
[Round "1.1"]
[White "Budrewicz, Krzysztof"]
[Black "Czaus, Piotr"]
[Result "1-0"]
[WhiteElo "2356"]
[BlackElo "2039"]
[PlyCount "55"]
[EventDate "2008.12.27"]
[EventType "swiss"]
[EventRounds "9"]
[EventCountry "POL"]
[SourceTitle "EXT 2023"]
[Source "ChessBase"]
[SourceDate "2022.10.05"]
[SourceVersion "1"]
[SourceVersionDate "2022.10.05"]
[SourceQuality "1"]

1. d4 d6 2. Nf3 g6 3. c4 Bg7 4. g3 Nf6 5. Bg2 0-0 6. 0-0 c6 7. Nc3 Nbd7 8. e4 e5 9. h3 Nh5 10. Be3 Nb6 11. b3 f5 12. dxe5 dxe5 13. Bc5 Qxd1 14. Raxd1 Re8 15. Rfe1 f4 16. Kh2 Bf6 17. g4 Ng7 18. g5 Bd8 19. Bd6 Ne6 20. Bxe5 Nxg5 21. Bxf4 Nxf3+ 22. Bxf3 Rf8 23. Bg3 Bxh3 24. Be2 Be6 25. c5 Nd7 26. Rd6 Re8 27. Red1 Nf6 28. Rxe6 1-0

[Event "Ketrzyn op-A 11th"]
[Site "Ketrzyn"]
[Date "2008.12.27"]
[Round "2.6"]
[White "Czaus, Piotr"]
[Black "Darowicki, Mariusz"]
[Result "0-1"]
[WhiteElo "2039"]
[BlackElo "1902"]
[PlyCount "151"]
[EventDate "2008.12.27"]
[EventType "swiss"]
[EventRounds "9"]
[EventCountry "POL"]
[SourceTitle "EXT 2023"]
[Source "ChessBase"]
[SourceDate "2022.10.05"]
[SourceVersion "1"]
[SourceVersionDate "2022.10.05"]
[SourceQuality "1"]

1. d4 Nf6 2. c4 g6 3. Nc3 Bg7 4. e4 d6 5. Be2 0-0 6. Bg5 Nbd7 7. Qd2 c5 8. d5 a6 9. h4 b5 10. f3 bxc4 11. Bxc4 Ne5 12. Be2 h5 13. Nh3 Rb8 14. Nf2 Qb6 15. Rb1 a5 16. a4 Qb4 17. Bb5 Bd7 18. 0-0 Bxb5 19. axb5 Rfe8 20. Qc2 c4 21. Be3 a4 22. Ra1 Qb3 23. Qd2 Ra8 24. Ra3 Qb4 25. Rfa1 Nfd7 26. Rxa4 Rxa4 27. Rxa4 Qb3 28. Ra7 Nc5 29. Nfd1 Ned3 30. Ne2 Qxb5 31. Nd4 Qb6 32. Qa5 Qxa5 33. Rxa5 Bxd4 34. Bxd4 Nb3 35. Ra4 Nxd4 36. Rxc4 Nb5 37. Kf1 Ne5 38. Rb4 Nc7 39. Ke2 Kf8 40. Ne3 Rc8 41. b3 Nd7 42. Nc4 Ke8 43. Kd3 Rb8 44. Rxb8+ Nxb8 45. b4 Nd7 46. Ne3 Ne5+ 47. Kc3 Kd7 48. f4 Ng4 49. Nc2 Kc8 50. Kd4 f6 51. Na3 Kb7 52. Nc4 Nb5+ 53. Kd3 Na7 54. Nd2 Kb6 55. Nf3 Nb5 56. g3 Nf2+ 57. Ke3 Nd1+ 58. Kd3 Nb2+ 59. Ke3 Nc4+ 60. Kd3 Nca3 61. Nd2 Na7 62. Kc3 N3b5+ 63. Kd3 Nc7 64. Kc4 Ne8 65. Nf3 Ng7 66. Nd4 f5 67. e5 dxe5 68. fxe5 Nc8 69. Nf3 f4 70. gxf4 Nf5 71. e6 Ncd6+ 72. Kd3 Kb5 73. Ne5 Nxh4 74. Nc6 Nhf5 75. Ne5 Kxb4 76. Nxg6 0-1

[Event "Ketrzyn op"]
[Site "Ketrzyn"]
[Date "2007.12.29"]
[Round "7"]
[White "Czaus, Piotr"]
[Black "Kotlowski, Tomasz"]
[Result "1-0"]
[WhiteElo "2026"]
[BlackElo "1916"]
[PlyCount "77"]
[EventDate "2007.12.27"]
[EventType "swiss"]
[EventRounds "9"]
[EventCountry "POL"]
[SourceTitle "CBM 122 Extra"]
[Source "ChessBase"]
[SourceDate "2008.03.04"]
[SourceVersion "1"]
[SourceVersionDate "2008.03.04"]
[SourceQuality "1"]

1. d4 g6 2. c4 Bg7 3. Nc3 d6 4. e4 Nc6 5. d5 Nd4 6. Be3 e5 7. Nge2 Nxe2 8. Bxe2 f5 9. f3 Nf6 10. Rc1 0-0 11. 0-0 f4 12. Bf2 g5 13. b4 h5 14. c5 a6 15. a4 a5 16. bxa5 Rxa5 17. cxd6 cxd6 18. Qb3 Qe7 19. Bb6 Ra8 20. Nb5 Ne8 21. Nc7 Nxc7 22. Rxc7 Qf6 23. Rfc1 g4 24. a5 Qh4 25. Bf1 Kh8 26. Qa3 gxf3 27. gxf3 Rg8 28. Kh1 Qf6 29. R1c2 Bh6 30. Rg2 Rg7 31. Rgxg7 Bxg7 32. Qc1 Qf8 33. Qc2 Bf6 34. Bb5 Rb8 35. Bf1 Bh4 36. Bf2 Bxf2 37. Qxf2 Qe8 38. Qb6 Qg6 39. Qa7 1-0

[Event "POL-chT 2nd League"]
[Site "Wysowa"]
[Date "2007.09.10"]
[Round "8"]
[White "Czaus, Piotr"]
[Black "Malczyk, Rafal"]
[Result "1-0"]
[WhiteElo "1981"]
[BlackElo "2113"]
[PlyCount "113"]
[EventDate "2007.09.03"]
[EventType "team-swiss"]
[EventRounds "9"]
[EventCountry "POL"]
[SourceTitle "EXT 2010"]
[Source "ChessBase"]
[SourceDate "2010.11.25"]
[SourceVersion "1"]
[SourceVersionDate "2010.11.25"]
[SourceQuality "1"]
[WhiteTeam "Olsztyn Trzydziestka"]
[BlackTeam "Olsztyn AZS UMW"]
[WhiteTeamCountry "POL"]
[BlackTeamCountry "POL"]

1. d4 Nf6 2. c4 c5 3. d5 g6 4. Nc3 Bg7 5. e4 d6 6. Bd3 0-0 7. Bg5 h6 8. Bd2 Nbd7 9. Nf3 Ng4 10. Be2 e6 11. 0-0 e5 12. h3 Ngf6 13. Nh2 Kh7 14. a3 Ng8 15. Qc2 Kh8 16. b4 b6 17. Rab1 Qe7 18. Bg4 Ngf6 19. Qd1 Nxg4 20. Nxg4 f5 21. exf5 gxf5 22. Nh2 f4 23. Ne4 Nf6 24. f3 Nxe4 25. fxe4 Rf6 26. Rf3 Rg6 27. Kh1 Qg5 28. Qf1 Qh5 29. a4 Bf6 30. bxc5 bxc5 31. Rfb3 Rg8 32. Bc3 Qg6 33. Qf3 Qe8 34. Ba5 Qxa4 35. Qh5 Bg7 36. Bc7 Qd7 37. Bb8 Qe7 38. Ng4 Bxg4 39. hxg4 Qf6 40. g5 Qf8 41. gxh6 Bf6 42. Rb7 Rg5 43. Qh3 f3 44. Qxf3 Qxh6+ 45. Kg1 Rh5 46. g3 Bg7 47. Rd7 Rg5 48. Kg2 Rh5 49. Rd8+ Kh7 50. Rxd6 Qd2+ 51. Kf1 Qh2 52. Rb7 Qh3+ 53. Ke2 Rg5 54. Rdd7 Rxb8 55. Rxg7+ Rxg7 56. Rxb8 Rxg3 57. Rb7+ 1-0

[Event "POL-chT 2nd League"]
[Site "Wysowa"]
[Date "2007.09.04"]
[Round "2"]
[White "Czaus, Piotr"]
[Black "Swicarz, Maciej"]
[Result "1/2-1/2"]
[WhiteElo "1981"]
[BlackElo "2316"]
[PlyCount "112"]
[EventDate "2007.09.03"]
[EventType "team-swiss"]
[EventRounds "9"]
[EventCountry "POL"]
[SourceTitle "EXT 2010"]
[Source "ChessBase"]
[SourceDate "2010.11.25"]
[SourceVersion "1"]
[SourceVersionDate "2010.11.25"]
[SourceQuality "1"]
[WhiteTeam "Olsztyn Trzydziestka"]
[BlackTeam "Wroclaw AZS WSB"]
[WhiteTeamCountry "POL"]
[BlackTeamCountry "POL"]

1. d4 Nf6 2. c4 e6 3. Nc3 d5 4. e3 Be7 5. Nf3 0-0 6. Be2 dxc4 7. Bxc4 c5 8. 0-0 a6 9. a4 Nc6 10. b3 cxd4 11. exd4 Nb4 12. Ba3 b6 13. Re1 Bb7 14. Ne5 Nbd5 15. Nxd5 Nxd5 16. Bxe7 Qxe7 17. Bxd5 Bxd5 18. Re3 a5 19. Rh3 Rfc8 20. Qh5 Be4 21. Nc4 Rc6 22. Re1 Bg6 23. Qb5 Qc7 24. Rhe3 Rd8 25. d5 Rc5 26. d6 Qc6 27. Qxb6 Qxb6 28. Nxb6 Rxd6 29. Nc4 Rd8 30. h3 Kf8 31. Re5 Rdd5 32. Rxd5 Rxd5 33. Re3 Bd3 34. Nxa5 Bc2 35. Rc3 Bd1 36. Nc6 Rd6 37. a5 Bxb3 38. a6 Rd1+ 39. Kh2 Bd5 40. Nb4 Ra1 41. Rc7 g6 42. a7 Kg7 43. f3 Kf6 44. Kg3 h5 45. h4 Ra3 46. Kh3 Ba8 47. Nc2 Ra4 48. Ne3 Bd5 49. Kg3 Ra2 50. Rd7 Bc6 51. Rc7 Bd5 52. Nd1 Ba8 53. Nc3 Ra5 54. Ne2 Ra4 55. Nc3 Ra5 56. Ne2 Ra4 1/2-1/2

[Event "Rewal op-A 12th"]
[Site "Rewal"]
[Date "2007.08.29"]
[Round "9"]
[White "Czaus, Piotr"]
[Black "Latocha, Aleksander"]
[Result "1-0"]
[WhiteElo "1981"]
[BlackElo "1817"]
[PlyCount "65"]
[EventDate "2007.08.20"]
[EventType "swiss"]
[EventRounds "9"]
[EventCountry "POL"]
[SourceTitle "CBM 120 Extra"]
[Source "ChessBase"]
[SourceDate "2007.11.01"]
[SourceVersion "1"]
[SourceVersionDate "2007.11.01"]
[SourceQuality "1"]

1. d4 d5 2. c4 c6 3. Nc3 Nf6 4. Nf3 dxc4 5. a4 Bf5 6. e3 e6 7. Bxc4 Nbd7 8. 0-0 Be7 9. Re1 Ne4 10. Nd2 Nxd2 11. Qxd2 0-0 12. e4 Bg6 13. f4 h6 14. Kh1 Bb4 15. Qf2 Nf6 16. f5 exf5 17. exf5 Bh7 18. h3 Qd7 19. g4 Rfe8 20. Bf4 Rxe1+ 21. Rxe1 c5 22. dxc5 Bxc3 23. bxc3 Qxa4 24. Qd4 Qc6+ 25. Kh2 Re8 26. Rxe8+ Nxe8 27. Qd5 Qf6 28. Qxb7 h5 29. Qd7 Kh8 30. Qxe8+ Bg8 31. Qe5 Qc6 32. f6 g6 33. Qg5 1-0

[Event "Rewal op-A 12th"]
[Site "Rewal"]
[Date "2007.08.28"]
[Round "8"]
[White "Dinckel, Joerg"]
[Black "Czaus, Piotr"]
[Result "1/2-1/2"]
[WhiteElo "2066"]
[BlackElo "1981"]
[PlyCount "92"]
[EventDate "2007.08.20"]
[EventType "swiss"]
[EventRounds "9"]
[EventCountry "POL"]
[SourceTitle "CBM 120 Extra"]
[Source "ChessBase"]
[SourceDate "2007.11.01"]
[SourceVersion "1"]
[SourceVersionDate "2007.11.01"]
[SourceQuality "1"]

1. d4 Nf6 2. c4 g6 3. Nc3 Bg7 4. e4 d6 5. Be2 0-0 6. Bg5 h6 7. Be3 e5 8. d5 a5 9. Qd2 Kh7 10. f3 Na6 11. g4 Nc5 12. h4 h5 13. g5 Ng8 14. Nh3 Bxh3 15. Rxh3 Qd7 16. Rh2 a4 17. 0-0-0 Ne7 18. Bf1 Nc8 19. Bh3 Qe7 20. Bxc8 Rfxc8 21. Bxc5 dxc5 22. d6 Qe6 23. d7 Rd8 24. Qd5 c6 25. Qxe6 fxe6 26. Rd6 Kg8 27. Rhd2 Kf7 28. Kc2 Ra5 29. b3 Bf8 30. R6d3 b5 31. Nd1 axb3+ 32. axb3 Ra7 33. Nb2 Ke7 34. Rd1 Rc7 35. R1d2 Rcxd7 36. Rxd7+ Rxd7 37. Rxd7+ Kxd7 38. Nd3 Kd6 39. Kc3 Be7 40. Kc2 Bd8 41. Ne1 Bc7 42. Ng2 Ke7 43. Kd3 Ba5 44. Kc2 Bb4 45. Kd3 Ba5 46. Kc2 Bb4 1/2-1/2

[Event "Rewal op-A 12th"]
[Site "Rewal"]
[Date "2007.08.25"]
[Round "5"]
[White "Czaus, Piotr"]
[Black "Janczarski, Michal"]
[Result "0-1"]
[WhiteElo "1981"]
[BlackElo "2088"]
[PlyCount "66"]
[EventDate "2007.08.20"]
[EventType "swiss"]
[EventRounds "9"]
[EventCountry "POL"]
[SourceTitle "CBM 120 Extra"]
[Source "ChessBase"]
[SourceDate "2007.11.01"]
[SourceVersion "1"]
[SourceVersionDate "2007.11.01"]
[SourceQuality "1"]

1. c4 Nf6 2. Nc3 g6 3. e4 e5 4. Nf3 d6 5. g3 c5 6. Bg2 Nc6 7. d3 Bg7 8. Bg5 h6 9. Be3 Rb8 10. a3 a6 11. 0-0 0-0 12. Qd2 Ng4 13. h3 Nxe3 14. fxe3 b5 15. b3 Be6 16. Rab1 Rb7 17. a4 bxa4 18. bxa4 Rxb1 19. Rxb1 h5 20. Kh2 Bh6 21. Ne1 Qa5 22. Rb3 Nd4 23. Rb7 Bxe3 24. Qxe3 Qxc3 25. Rb6 Qa5 26. Rxd6 Ra8 27. Nf3 Qc7 28. Rd5 Bxd5 29. exd5 Nxf3+ 30. Bxf3 Rb8 31. Qg5 Rb2+ 32. Kg1 Qa5 33. Qc1 Qb4 0-1

[Event "Ostroda op"]
[Site "Ostroda"]
[Date "2007.08.09"]
[Round "5"]
[White "Czaus, Piotr"]
[Black "Szczepaniec, Stanislaw"]
[Result "0-1"]
[WhiteElo "1981"]
[BlackElo "2118"]
[PlyCount "114"]
[EventDate "2007.08.06"]
[EventType "swiss"]
[EventRounds "9"]
[EventCountry "POL"]
[SourceTitle "EXT 2009"]
[Source "ChessBase"]
[SourceDate "2008.11.26"]
[SourceVersion "1"]
[SourceVersionDate "2008.11.26"]
[SourceQuality "1"]

1. d4 f5 2. c4 g6 3. Nc3 Bg7 4. Nf3 Nf6 5. g3 0-0 6. Bg2 d6 7. 0-0 Qe8 8. Qb3 c6 9. Re1 Na6 10. c5+ d5 11. Ne5 Nc7 12. a4 Ne6 13. e3 g5 14. f4 gxf4 15. gxf4 Kh8 16. Kh1 Qh5 17. Qd1 Ng4 18. Nxg4 fxg4 19. Ne2 Rf6 20. Ng3 Qh4 21. Kg1 Bd7 22. Qc2 Raf8 23. Bf1 Rh6 24. Ra3 Rf7 25. b4 Bf8 26. Qf2 Ng5 27. e4 dxe4 28. fxg5 Rxf2 29. Kxf2 Re6 30. Kg1 Bg7 31. Be3 Rg6 32. Bg2 Rxg5 33. Bxe4 Bf6 34. Bxg5 Qxg5 35. Rd3 h5 36. d5 h4 37. dxc6 Bxc6 38. Bxc6 bxc6 39. Ne4 Qf5 40. b5 cxb5 41. axb5 Be5 42. Re2 Qf4 43. h3 gxh3 44. Nf2 Qc1+ 45. Rd1 Qxc5 46. Kh1 Qxb5 47. Re4 Bf6 48. Nxh3 Qb3 49. Nf2 Qf3+ 50. Kg1 h3 51. Rg4 h2+ 52. Kxh2 Qxf2+ 53. Rg2 Qh4+ 54. Kg1 Bd4+ 55. Kf1 Qf4+ 56. Ke1 Qe3+ 57. Re2 Qg3+ 0-1

[Event "Kowalewo Pomorskie op-A"]
[Site "Kowalewo Pomorskie"]
[Date "2007.07.08"]
[Round "6"]
[White "Widera, Jan"]
[Black "Czaus, Piotr"]
[Result "0-1"]
[WhiteElo "2148"]
[BlackElo "1981"]
[PlyCount "98"]
[EventDate "2007.07.04"]
[EventType "swiss"]
[EventRounds "9"]
[EventCountry "POL"]
[SourceTitle "CBM 119 Extra"]
[Source "ChessBase"]
[SourceDate "2007.09.04"]
[SourceVersion "1"]
[SourceVersionDate "2007.09.04"]
[SourceQuality "1"]

1. b3 Nf6 2. Bb2 g6 3. Nf3 Bg7 4. g3 0-0 5. Bg2 a5 6. c4 d6 7. d4 c6 8. 0-0 Na6 9. Nc3 Rb8 10. d5 b5 11. Nd4 Nb4 12. a3 c5 13. Ndxb5 Na6 14. Rb1 Bd7 15. e4 Ne8 16. a4 Nb4 17. Qe2 e5 18. dxe6 fxe6 19. Rbd1 Qe7 20. Qd2 Bxb5 21. axb5 Bd4 22. Ne2 e5 23. Bxd4 cxd4 24. Ra1 Ra8 25. Ra4 Qf7 26. Nc1 Nc7 27. f4 Qd7 28. f5 Ne8 29. Nd3 Nxd3 30. Qxd3 Nf6 31. h3 Qc7 32. Rfa1 Nd7 33. b4 Rfc8 34. Bf1 gxf5 35. exf5 Nb6 36. Rxa5 Rab8 37. Rc1 d5 38. c5 Nc4 39. Rxc4 dxc4 40. Qxc4+ Kh8 41. Bg2 Qg7 42. Ra3 Qg5 43. Kh2 Rg8 44. c6 Ra8 45. Rf3 Qd2 46. Qd3 Qb2 47. Qe4 Ra2 48. Rf1 d3 49. f6 d2 0-1

[Event "Kowalewo Pomorskie op-A"]
[Site "Kowalewo Pomorskie"]
[Date "2007.07.07"]
[Round "5"]
[White "Czaus, Piotr"]
[Black "Wisniewski, Adam"]
[Result "1/2-1/2"]
[WhiteElo "1981"]
[BlackElo "2074"]
[PlyCount "64"]
[EventDate "2007.07.04"]
[EventType "swiss"]
[EventRounds "9"]
[EventCountry "POL"]
[SourceTitle "CBM 119 Extra"]
[Source "ChessBase"]
[SourceDate "2007.09.04"]
[SourceVersion "1"]
[SourceVersionDate "2007.09.04"]
[SourceQuality "1"]

1. d4 e6 2. c4 d5 3. Nc3 Nf6 4. e3 Be7 5. Nf3 0-0 6. Be2 b6 7. 0-0 Bb7 8. b3 Nbd7 9. Bb2 c5 10. Rc1 Rc8 11. Ne5 dxc4 12. Nxd7 Qxd7 13. bxc4 cxd4 14. Qxd4 Qc7 15. Nb5 Qb8 16. Rfd1 Rfd8 17. Qh4 Rxd1+ 18. Rxd1 Rd8 19. Bd3 h6 20. Qg3 Qxg3 21. hxg3 Be4 22. Be2 Rxd1+ 23. Bxd1 Bd3 24. Nxa7 Bxc4 25. Nc6 Bc5 26. a4 Nd5 27. Ne5 Ba6 28. Nd7 f6 29. Bb3 Kf7 30. a5 Ke7 31. Nxb6 Nxb6 32. axb6 Bxb6 1/2-1/2

[Event "Ketrzyn op 9th"]
[Site "Ketrzyn"]
[Date "2006.12.30"]
[Round "8.10"]
[White "Homiakova, Ekaterina"]
[Black "Czaus, Piotr"]
[Result "1/2-1/2"]
[WhiteElo "2045"]
[BlackElo "1921"]
[PlyCount "91"]
[EventDate "2006.12.27"]
[EventType "swiss"]
[EventRounds "9"]
[EventCountry "POL"]
[SourceTitle "EXT 2023"]
[Source "ChessBase"]
[SourceDate "2022.10.05"]
[SourceVersion "1"]
[SourceVersionDate "2022.10.05"]
[SourceQuality "1"]

1. e4 e6 2. d4 d5 3. Nc3 dxe4 4. Nxe4 Nd7 5. Nf3 Ngf6 6. Bd3 c5 7. 0-0 Be7 8. c3 0-0 9. Qe2 b6 10. Bf4 Bb7 11. Rad1 cxd4 12. Nxd4 e5 13. Bxe5 Nxe5 14. Ne6 Qc8 15. Nxf8 Qxf8 16. Nxf6+ Bxf6 17. Be4 Bxe4 18. Qxe4 Ng6 19. Rfe1 a5 20. Qc6 Rb8 21. Qc7 Qc8 22. Qg3 b5 23. a3 b4 24. axb4 axb4 25. cxb4 Rxb4 26. b3 h5 27. h3 Qb7 28. Rd3 Rf4 29. Qe3 Nh4 30. f3 Qb4 31. Red1 Kh7 32. Rd5 Nf5 33. Qd3 g6 34. Rd7 Qb6+ 35. Kh2 Rd4 36. Rxd4 Bxd4 37. f4 Be3 38. Qc4 Kg7 39. g4 hxg4 40. hxg4 Nd4 41. Kg3 g5 42. fxg5 Qb8+ 43. Kh3 Qh8+ 44. Kg3 Qb8+ 45. Kh3 Qh8+ 46. Kg3 1/2-1/2

[Event "Ketrzyn op 9th"]
[Site "Ketrzyn"]
[Date "2006.12.27"]
[Round "1.10"]
[White "Czaus, Piotr"]
[Black "Smolich, Pavel"]
[Result "0-1"]
[WhiteElo "1921"]
[BlackElo "2157"]
[PlyCount "72"]
[EventDate "2006.12.27"]
[EventType "swiss"]
[EventRounds "9"]
[EventCountry "POL"]
[SourceTitle "EXT 2023"]
[Source "ChessBase"]
[SourceDate "2022.10.05"]
[SourceVersion "1"]
[SourceVersionDate "2022.10.05"]
[SourceQuality "1"]

1. d4 d5 2. c4 e6 3. Nc3 c6 4. e3 f5 5. f4 Nf6 6. Nf3 Bd6 7. Bd3 0-0 8. 0-0 Bd7 9. c5 Be7 10. b4 Be8 11. a4 Bh5 12. Qb3 Bxf3 13. Rxf3 Ne4 14. Bxe4 fxe4 15. Nxe4 dxe4 16. Qxe6+ Rf7 17. Qxe4 Nd7 18. Bb2 Nf6 19. Qc2 Qd5 20. b5 Qe4 21. Qb3 Rd8 22. Rd1 Qd5 23. Qxd5 Rxd5 24. Re1 Ne4 25. g4 cxb5 26. axb5 b6 27. Ra1 Bd8 28. f5 g5 29. cxb6 Bxb6 30. Rc1 Rxb5 31. Ba3 Rc7 32. Rd1 Rb3 33. Be7 Kf7 34. f6 Rc8 35. d5 Nc3 36. Rd3 Rb5 0-1

[Event "Rewal op 11th"]
[Site "Rewal"]
[Date "2006.08.28"]
[Round "10"]
[White "Kotermanska, Anna"]
[Black "Czaus, Piotr"]
[Result "1-0"]
[WhiteElo "1941"]
[BlackElo "1921"]
[PlyCount "103"]
[EventDate "2006.08.21"]
[EventType "swiss"]
[EventRounds "11"]
[EventCountry "POL"]
[SourceTitle "EXT 2010"]
[Source "ChessBase"]
[SourceDate "2010.11.25"]
[SourceVersion "1"]
[SourceVersionDate "2010.11.25"]
[SourceQuality "1"]

1. e4 g6 2. d4 Bg7 3. Nc3 c5 4. Nf3 cxd4 5. Nxd4 Nc6 6. Be3 Nf6 7. Be2 0-0 8. Qd2 a6 9. f3 Qa5 10. Nb3 Qc7 11. 0-0-0 d6 12. g4 Be6 13. h4 Rfc8 14. Bh6 Bh8 15. h5 Nd7 16. hxg6 fxg6 17. Nd5 Qd8 18. f4 Bf7 19. Bf3 Nf8 20. Qh2 Bg7 21. e5 dxe5 22. Nf6+ exf6 23. Rxd8 Rxd8 24. Bxc6 Bxh6 25. Qxh6 bxc6 26. f5 Rd6 27. Nc5 Bd5 28. Rh2 Bf3 29. b3 Bxg4 30. Ne6 Rxe6 31. fxe6 Bxe6 32. Rd2 a5 33. Rd6 Rc8 34. Qd2 Kf7 35. Qxa5 Ke7 36. Rd2 h5 37. Qc5+ Kf7 38. Qa7+ Kg8 39. Qe7 f5 40. Rd6 Bd5 41. Qxe5 Rc7 42. c4 Be4 43. Rxg6+ Nxg6 44. Qxc7 h4 45. a4 f4 46. Qc8+ Kh7 47. Qg4 Bh1 48. Qh3 Be4 49. Kd2 f3 50. Ke3 Bc2 51. a5 c5 52. a6 1-0

[Event "Ostroda op"]
[Site "Ostroda"]
[Date "2006.08.13"]
[Round "9.8"]
[White "Czaus, Piotr"]
[Black "Socha, Anna"]
[Result "0-1"]
[WhiteElo "1777"]
[BlackElo "2102"]
[PlyCount "54"]
[EventDate "2006.08.07"]
[EventType "swiss"]
[EventRounds "9"]
[EventCountry "POL"]
[SourceTitle "CBM 113 Extra"]
[Source "ChessBase"]
[SourceDate "2006.09.14"]
[SourceVersion "1"]
[SourceVersionDate "2006.09.14"]
[SourceQuality "1"]

1. d4 Nf6 2. c4 c5 3. d5 e6 4. Nc3 exd5 5. cxd5 d6 6. e4 g6 7. Bf4 a6 8. a4 Bg7 9. Nf3 0-0 10. Bd3 Nh5 11. Bg5 Qc7 12. h3 h6 13. g4 hxg5 14. gxh5 g4 15. h6 Bxc3+ 16. bxc3 gxf3 17. Qxf3 Qe7 18. h4 Nd7 19. Kd2 Ne5 20. Qg3 Qf6 21. f4 Nxd3 22. Kxd3 Kh7 23. Rab1 b5 24. a5 Bd7 25. Rbg1 b4 26. e5 Bf5+ 27. Kc4 Qd8 0-1

[Event "Ostroda op"]
[Site "Ostroda"]
[Date "2006.08.10"]
[Round "5.7"]
[White "Czaus, Piotr"]
[Black "Kaliszewski, Tomasz"]
[Result "0-1"]
[WhiteElo "1777"]
[BlackElo "2174"]
[PlyCount "103"]
[EventDate "2006.08.07"]
[EventType "swiss"]
[EventRounds "9"]
[EventCountry "POL"]
[SourceTitle "CBM 113 Extra"]
[Source "ChessBase"]
[SourceDate "2006.09.14"]
[SourceVersion "1"]
[SourceVersionDate "2006.09.14"]
[SourceQuality "1"]

1. d4 c5 2. d5 e6 3. c4 exd5 4. cxd5 Nf6 5. Nc3 d6 6. e4 g6 7. Nf3 Bg7 8. Bd3 0-0 9. 0-0 a6 10. a4 Bg4 11. h3 Bxf3 12. Qxf3 Nbd7 13. Bf4 Qc7 14. g4 c4 15. Bc2 Ne5 16. Bxe5 dxe5 17. Ne2 Rfc8 18. Rfd1 Ne8 19. h4 b5 20. b3 Nd6 21. h5 Qe7 22. Kg2 Qg5 23. Kh3 Bh6 24. b4 Bf8 25. a5 Be7 26. Rab1 Rc7 27. Rh1 c3 28. Ng3 Kh8 29. Kg2 Kg8 30. hxg6 fxg6 31. Nf5 gxf5 32. exf5 Qf4 33. Qxf4 exf4 34. Rh6 Nf7 35. Rb6 Kg7 36. Rh1 Bf6 37. Kf3 Rc4 38. d6 Ng5+ 39. Kg2 f3+ 40. Kg3 Rd4 41. Rb7+ Kf8 42. d7 Rd8 43. Rb6 Ke7 44. Rh6 Be5+ 45. Kh4 Bf4 46. f6+ Kf8 47. Rh5 Rd2 48. Rxg5 Bxg5+ 49. Kxg5 Rxc2 50. Rxa6 Rxf2 51. Rc6 Rxd7 52. Rxc3 0-1

[Event "Ostroda op"]
[Site "Ostroda"]
[Date "2006.08.09"]
[Round "4.5"]
[White "Sharapov, Evgeny"]
[Black "Czaus, Piotr"]
[Result "1-0"]
[WhiteElo "2425"]
[BlackElo "1777"]
[PlyCount "39"]
[EventDate "2006.08.07"]
[EventType "swiss"]
[EventRounds "9"]
[EventCountry "POL"]
[SourceTitle "CBM 113 Extra"]
[Source "ChessBase"]
[SourceDate "2006.09.14"]
[SourceVersion "1"]
[SourceVersionDate "2006.09.14"]
[SourceQuality "1"]

1. e4 d6 2. d4 g6 3. Nc3 Nf6 4. f4 Bg7 5. Nf3 0-0 6. Bd3 c5 7. dxc5 dxc5 8. e5 Nd5 9. Nxd5 Qxd5 10. Qe2 e6 11. 0-0 Nc6 12. c3 Qd7 13. Be3 b6 14. Rad1 Qc7 15. h4 h5 16. Ng5 Ne7 17. g4 hxg4 18. Qxg4 Bh6 19. h5 Nf5 20. Bf2 1-0

[Event "Ostroda op"]
[Site "Ostroda"]
[Date "2006.08.08"]
[Round "2.4"]
[White "Khamitskiy, Sergei"]
[Black "Czaus, Piotr"]
[Result "1-0"]
[WhiteElo "2295"]
[BlackElo "1777"]
[PlyCount "97"]
[EventDate "2006.08.07"]
[EventType "swiss"]
[EventRounds "9"]
[EventCountry "POL"]
[SourceTitle "CBM 113 Extra"]
[Source "ChessBase"]
[SourceDate "2006.09.14"]
[SourceVersion "1"]
[SourceVersionDate "2006.09.14"]
[SourceQuality "1"]

1. d4 Nf6 2. c4 g6 3. Nc3 Bg7 4. e4 d6 5. h3 0-0 6. Nf3 c5 7. d5 a6 8. a4 e6 9. Bd3 Re8 10. 0-0 exd5 11. cxd5 c4 12. Bc2 Nbd7 13. Bf4 Qb6 14. Rb1 Nh5 15. Be3 Qc7 16. g4 Nhf6 17. Re1 Nc5 18. Bd4 Nfd7 19. Bxg7 Kxg7 20. Qd4+ Ne5 21. Nxe5 dxe5 22. Qxc4 Qd6 23. b4 Nd7 24. a5 h5 25. f3 Qf6 26. Kg2 Qg5 27. Qe2 Nf6 28. Qe3 Qh4 29. Qf2 Qg5 30. h4 Qf4 31. g5 Nh7 32. Ne2 Qd2 33. Ng1 Qxf2+ 34. Kxf2 Bd7 35. Bd3 f6 36. gxf6+ Kxf6 37. Rbc1 Rac8 38. f4 Bg4 39. Kg3 Nf8 40. fxe5+ Kxe5 41. Be2 Rxc1 42. Rxc1 Bxe2 43. Nxe2 Kxe4 44. Re1 Rc8 45. Nf4+ Kf5 46. Re3 Nd7 47. Ne6 Rc4 48. Ng7+ Kf6 49. Ne8+ 1-0